Nucleophiles - Sudden Death - Statistics

General Stats
  • This quiz has been taken 25 times
  • The average score is 5 of 6
Answers on the Grid
Answers color-coded by a green-red scale on the quiz's grid according to % correct below.
Cl-
Br-
OH-
CN-
NH3
H2O
H+
NO2+
SO3
 
Answer Stats
Answer % Correct
OH-
100%
Br-
86%
Cl-
86%
NH3
86%
CN-
71%
H2O
71%
No matching quizzes found
Score Distribution
Percent of People with Each Score
Percentile by Number Answered
Your Score History
You have not taken this quiz